000 00839nam a2200277#a 4500
001 00588
003 HDC
007 ta
008 230623s2007 xx 000 0 eng d
020 _a9780813808093 (hbk.).
040 _aHDC
050 _aHD 9005
_b.A62 2007
245 0 _aAccelerating new food product design and development /
_ceditos Jacqueline H. Beckley [et al.].
264 _aAmes, Iowa :
_bBlackwell Pub. :
_c2007
264 _bIFT Press,
300 _axv,377p. :
_b ill. ;
_c 24cm.
490 _aIFT Press
500 _aIncludes bibliographical references and index.
650 _aFood industry and trade
_xResearch
_zUnited States.
650 _aFood industry and trade
_zUnited States
_xMarketing.
700 _aBeckley, Jacqueline H.
942 _2lcc
942 _cBK
942 _kHD 9005
942 _m.A62 2007
999 _c22229
_d22229